[Event "Foxwoods op 15th"]
[Site "Ledyard"]
[Date "2023.04.09"]
[Round "8"]
[White "Hoy, Andrew"]
[Black "Su, Jasmine Zhixin"]
[Result "1/2-1/2"]
[WhiteElo "1998"]
[BlackElo "1913"]
[PlyCount "99"]
[EventDate "2023.04.05"]
[EventType "swiss"]
[EventRounds "9"]
[EventCountry "USA"]
[SourceTitle "CBM 213 Extra"]
[Source "ChessBase"]
[SourceDate "2023.05.31"]
[SourceVersion "1"]
[SourceVersionDate "2023.05.31"]
[SourceQuality "1"]

1. e4 c5 2. Nf3 d6 3. d4 cxd4 4. Nxd4 Nf6 5. Nc3 a6 6. Bg5 e6 7. f4 Be7 8. Qf3 Qc7 9. 0-0-0 Nbd7 10. g4 h6 11. Bxf6 Bxf6 12. h4 Nb6 13. g5 Bxd4 14. Rxd4 Qc5 15. Qf2 hxg5 16. fxg5 e5 17. Rd2 Qxf2 18. Rxf2 g6 19. a4 Be6 20. a5 Nd7 21. b4 Ke7 22. Be2 b6 23. axb6 Nxb6 24. h5 gxh5 25. Rxh5 Rxh5 26. Bxh5 Rc8 27. Ne2 d5 28. Ng3 dxe4 29. Nxe4 Nd5 30. Bxf7 Bxf7 31. Rxf7+ Kxf7 32. Nd6+ Kg6 33. Nxc8 Nxb4 34. Ne7+ Kxg5 35. c3 Nd3+ 36. Kd2 Nc5 37. Ke3 Kf6 38. Nc6 Ke6 39. Na5 Kd5 40. Kf3 Na4 41. c4+ Kc5 42. Ke4 Nb2 43. Nb7+ Kc6 44. Nd8+ Kc7 45. Nf7 Nxc4 46. Kd5 Nb6+ 47. Kxe5 a5 48. Kd4 Kc6 49. Kc3 a4 50. Kb4 1/2-1/2

[Event "Foxwoods op 15th"]
[Site "Ledyard"]
[Date "2023.04.08"]
[Round "6"]
[White "Hoy, Andrew"]
[Black "Groff, Jordan"]
[Result "1/2-1/2"]
[WhiteElo "1998"]
[BlackElo "1856"]
[PlyCount "142"]
[EventDate "2023.04.05"]
[EventType "swiss"]
[EventRounds "9"]
[EventCountry "USA"]
[SourceTitle "CBM 213 Extra"]
[Source "ChessBase"]
[SourceDate "2023.05.31"]
[SourceVersion "1"]
[SourceVersionDate "2023.05.31"]
[SourceQuality "1"]

1. e4 c5 2. Nf3 d6 3. d4 cxd4 4. Nxd4 Nf6 5. Nc3 a6 6. Bg5 e6 7. f4 Nbd7 8. Qf3 Qc7 9. 0-0-0 b5 10. Bd3 Bb7 11. Rhe1 Qb6 12. Bxf6 Nxf6 13. Kb1 0-0-0 14. Bf1 Kb8 15. g4 g6 16. g5 Nd7 17. Nb3 h6 18. h4 hxg5 19. hxg5 b4 20. Ne2 a5 21. Qd3 a4 22. Nd2 Nc5 23. Qd4 Rh7 24. Nc4 Qc7 25. e5 d5 26. Bg2 Ba6 27. Ne3 Nd7 28. Qd2 Bxe2 29. Qxe2 Bc5 30. Qb5+ Qb6 31. Qxb6+ Nxb6 32. Ng4 Rh4 33. Bf3 Rh3 34. Rf1 Kc7 35. Nh6 Rd7 36. Bg4 Rh4 37. Rh1 Rxh1 38. Rxh1 Be3 39. Rf1 Nc4 40. Rd1 Bxf4 41. Be2 a3 42. Bxc4 dxc4 43. Rxd7+ Kxd7 44. bxa3 bxa3 45. Nxf7 Kc6 46. c3 Kd5 47. Nh8 Bxe5 48. Nxg6 Bxc3 49. Kc2 Bb2 50. Kd2 Ke4 51. Ne7 Bg7 52. Nc8 Be5 53. Nb6 Kd4 54. g6 Bg7 55. Nc8 Bh6+ 56. Kc2 Kc5 57. Ne7 Bg7 58. Kd2 Bf8 59. Kc2 Kd6 60. Nc8+ Ke5 61. Kc3 Kf6 62. Kxc4 Kxg6 63. Nb6 Kf5 64. Kd3 Kf4 65. Nd7 Be7 66. Kd4 Bd6 67. Kd3 Kf3 68. Nb6 Kf2 69. Ke4 Ke2 70. Nc4 Bb4 71. Ke5 Kd3 1/2-1/2

[Event "Foxwoods op 15th"]
[Site "Ledyard"]
[Date "2023.04.05"]
[Round "1"]
[White "Hardaway, Brewington"]
[Black "Hoy, Andrew"]
[Result "1-0"]
[WhiteElo "2363"]
[BlackElo "1998"]
[PlyCount "101"]
[EventDate "2023.04.05"]
[EventType "swiss"]
[EventRounds "9"]
[EventCountry "USA"]
[SourceTitle "CBM 213 Extra"]
[Source "ChessBase"]
[SourceDate "2023.05.31"]
[SourceVersion "1"]
[SourceVersionDate "2023.05.31"]
[SourceQuality "1"]

1. e4 c5 2. Nf3 Nc6 3. d4 cxd4 4. Nxd4 Nf6 5. Nc3 e5 6. Ndb5 d6 7. Nd5 Nxd5 8. exd5 Nb8 9. a4 Be7 10. Bd2 0-0 11. a5 f5 12. Be3 Bd7 13. Nxa7 f4 14. Bb6 Qe8 15. Bd3 Na6 16. Qe2 Bd8 17. Bxa6 bxa6 18. Qxa6 e4 19. 0-0-0 e3 20. Rhe1 Bg4 21. Rd3 Qa4 22. Ra3 Qb4 23. c3 Qe4 24. f3 Bxf3 25. gxf3 Qxf3 26. Qd3 Bh4 27. Re2 Qh1+ 28. Qd1 Qe4 29. Ra4 Qf5 30. Nc6 Bg5 31. h4 Bxh4 32. Bxe3 f3 33. Rf2 Qh3 34. Qf1 Qg3 35. Nd4 Rae8 36. Ne6 Qe5 37. Rxf3 Qxe3+ 38. Rxe3 Rxf1+ 39. Kc2 Rf2+ 40. Kb1 Rb8 41. Rb4 Rf1+ 42. Ka2 Ra8 43. Rxh4 Rxa5+ 44. Kb3 Rxd5 45. Rb4 h6 46. Rb8+ Kh7 47. Nf8+ Kg8 48. Ng6+ Kh7 49. Re6 Rf6 50. Nf8+ Kg8 51. Nd7+ 1-0